Langues officielles des pays du monde (Avec carte) - Statistiques

Statistiques générales
  • Ce quiz a été pris 214 fois
  • Le résultat moyen est 181 sur 196
Réponses sur la Carte
Les réponses sont colorées sur une échelle allant du rouge au vert en fonction du pourcentage des utilisateurs qui les ont devinées à leur premier essai. Vous pouvez retrouver ces pourcentages ci-dessous.
 
Statistiques - réponses
Group Pays Langue(s) officielle(s) % Correct
E Suisse Allemand / Français / Italien / Romanche
100%
AF Maurice Anglais / Français
100%
AMN Canada Anglais / Français
100%
AF Comores Arabe / Français / Shikomori
100%
O Vanuatu Bislma / Anglais / Français
100%
AMN Haiti Créole haïtien / Français
100%
AF Seychelles Créole seychellois / Anglais / Français
100%
AF Guinée Équatoriale Espagnol / Français / Portugais
100%
E France Français
100%
E Monaco Français
100%
AF Bénin Français
100%
AF Burkina Faso Français
100%
AF Côte d'Ivoire Français
100%
AF Gabon Français
100%
AF Guinée Français
100%
AF Mali Français
100%
AF Niger Français
100%
AF République Démocratique du Congo Français
100%
AF République du Congo Français
100%
AF Sénégal Français
100%
AF Togo Français
100%
AF Cameroun Français / Anglais
100%
AF Djibouti Français / Arabe
100%
AF Tchad Français / Arabe
100%
AF République Centrafricaine Français / Sango
100%
AF Rwanda Kinyarwanda / Anglais / Français
100%
AF Burundi Kirundi / Français / Anglais
100%
E Luxembourg Luxembourgeois / Français / Allemand
100%
AF Madagascar Malgache / Français
100%
E Belgique Néerlandais / Français / Allemand
100%
E Allemagne Allemand
99%
E Autriche Allemand
99%
E Liechtenstein Allemand
99%
E Royaume-Uni Anglais
99%
AF Gambie Anglais
99%
AF Ghana Anglais
99%
AF Libéria Anglais
99%
AF Namibie Anglais
99%
AF Nigeria Anglais
99%
AF Sierra Leone Anglais
99%
AF Soudan du Sud Anglais
99%
AF Zambie Anglais
99%
AMN Antigua et Barbuda Anglais
99%
AMN Bahamas Anglais
99%
AMN Barbade Anglais
99%
AMN Belize Anglais
99%
AMN Dominique Anglais
99%
AMN États-Unis Anglais
99%
AMN Grenade Anglais
99%
AMN Jamaïque Anglais
99%
AMN Saint-Christophe- et-Niévès Anglais
99%
AMN Saint-Vincent-et-les-Grenadines Anglais
99%
AMN Sainte-Lucie Anglais
99%
AMN Trinité-et-Tobago Anglais
99%
AMS Guyana Anglais
99%
O Australie Anglais
99%
O États Fédérés de Micronésie Anglais
99%
O Îles Salomon Anglais
99%
AF Malawi Anglais / Chichewa
99%
O Fidji Anglais / Fidjien / Hindi fidjien
99%
O Kiribati Anglais / Gilbertin
99%
AS Singapour Anglais / Mandarin / Malais / Tamoul
99%
O Nouvelle-Zélande Anglais / Maori
99%
O Îles Marshall Anglais / Marshallais
99%
O Nauru Anglais / Nauruan
99%
O Palaos Anglais / Paluan
99%
AF Zimbabwe Anglais / Shona / Ndebele / Cheba / Chibarwe / Kalanga / Khoïsan / Nambya / Ndau / Shangani / Sotho / Tonga / Tswana / Venda / Xhosa
99%
AF Lesotho Anglais / Sotho
99%
AF Kenya Anglais / Swahili
99%
AF Ouganda Anglais / Swahili
99%
AF Eswatini Anglais / Swati
99%
O Papouasie-Nouvelle-Guinée Anglais / Tok Pisin / Hiri Motu
99%
AF Botswana Anglais / Tswana
99%
O Tuvalu Anglais / Tuvaluan
99%
E Biélorussie Biélorusse / Russe
99%
E Espagne Espagnol
99%
AMN Costa Rica Espagnol
99%
AMN Cuba Espagnol
99%
AMN Guatemala Espagnol
99%
AMN Honduras Espagnol
99%
AMN Mexique Espagnol
99%
AMN Nicaragua Espagnol
99%
AMN Panama Espagnol
99%
AMN République Dominicaine Espagnol
99%
AMN Salvador Espagnol
99%
AMS Argentine Espagnol
99%
AMS Chili Espagnol
99%
AMS Colombie Espagnol
99%
AMS Uruguay Espagnol
99%
AMS Venezuela Espagnol
99%
AMS Paraguay Espagnol / Guarani
99%
AMS Pérou Espagnol / Quechua / Aymara
99%
AMS Bolivie Espagnol / Quechua / Aymara / Araona / Baure / Bésiro / Canichana / Cavineña / Cayubaba / Chácobo / Chimán / Ese 'Ejja / Guarani / Guarasu'we / Guarayu / Itonama / Leco / Machajuyai-Kallawaya / Machineri / Maropa / Mojeño-Trinitario / Mojeño-Ignaciano / Moré / Mosetén / Movima / Pacawara / Puquina / Sirionó / Tacana / Tapiete / Toromona / Uru-Chipaya / Weenhayek / Yaminawa / Yuki / Yuracaré / Zamuco
99%
AMS Équateur Espagnol / Quechua / Shuar
99%
AS Philippines Filipino / Anglais
99%
AS Inde Hindi / Anglais
99%
E Irlande Irlandais / Anglais
99%
AS Kazakhstan Kazakh / Russe
99%
AS Kirghizistan Kirghiz / Russe
99%
E Malte Maltais / Anglais
99%
AS Paskistan Ourdou / Anglais
99%
E Russie Russe
99%
O Samoa Samoan / Anglais
99%
AF Tanzanie Swahili / Anglais
99%
AF Érythrée Tigrigna / Arabe / Anglais
99%
O Tonga Tongien / Anglais
99%
AF Afrique du sud Zoulou / Xhosa / Afrikaans / Anglais / Sotho / Tswana / Tshivenda / Tsonga / Ndebele / Sepedi
99%
AS Japon Japonais
98%
E Portugal Portugais
98%
AF Angola Portugais
98%
AF Cap-Vert Portugais
98%
AF Guinée-Bissau Portugais
98%
AF Mozambique Portugais
98%
AF Sao Tomé-et-Principe Portugais
98%
AMS Brésil Portugais
98%
AS Timor Oriental Portugais / Tetum
98%
AS Arabie saoudite Arabe
97%
AS Bahreïn Arabe
97%
AS Émirats Arabes Unis Arabe
97%
AS Jordanie Arabe
97%
AS Koweït Arabe
97%
AS Liban Arabe
97%
AS Oman Arabe
97%
AS Qatar Arabe
97%
AS Syrie Arabe
97%
AS Yémen Arabe
97%
AF Égypte Arabe
97%
AF Lybie Arabe
97%
AF Mauritanie Arabe
97%
AF Soudan Arabe
97%
AF Tunisie Arabe
97%
AS Irak Arabe / Kurde
97%
AF Algérie Arabe / Tamazight (Berbère)
97%
AF Maroc Arabe / Tamazight (Berbère)
97%
AS Chypre Grec / Turc
97%
AS Israël Hébreu / Arabe
97%
E Italie Italien
97%
E Saint-Marin Italien
97%
E Vatican Italien / Latin
97%
AF Somalie Somali / Arabe
97%
AS Turquie Turc
95%
E Finlande Finnois / Suédois
94%
E Grèce Grec
94%
E Suède Suèdois
94%
AS Corée du Nord Coréen
93%
AS Corée du Sud Coréen
93%
AS Chine Mandarin
93%
AS Taïwan Mandarin
93%
E Norvége Norvégien
93%
E Pologne Polonais
93%
E Bosnie-Herzégovine Bosnien / Croate / Serbe
92%
E Danemark Danois
92%
E Moldavie Roumain
92%
E Roumanie Roumain
92%
E Ukraine Ukrainien
92%
E Kosovo Albanais / Serbe
90%
AS Mongolie Mongol
90%
E Pays-Bas Néerlandais
90%
AMS Suriname Néerlandais
90%
E Croatie Croate
89%
E Islande Islandais
89%
E Lettonie Letton
89%
E Serbie Serbe
88%
E Estonie Estonien
87%
AS Thaïlande Thaï
87%
E Lituanie Lituanien
86%
E Slovaquie Slovaque
86%
AS Iran Persan
85%
E Hongrie Hongrois
84%
AS Brunei Malais
83%
AS Malaisie Malais
83%
E République tchèque Tchèque
83%
AS Arménie Arménien
81%
E Bulgarie Bulgare
81%
AS Géorgie Géorgien
81%
AS Viêt Nam Vietnamien
81%
E Albanie Albanais
80%
E Slovénie Slovéne
80%
AS Népal Népalais
79%
AS Laos Lao
78%
AS Afghanistan Pachto / Dari
77%
AS Indonésie Indonésien
75%
E Macédoine du Nord Macédonien
70%
AS Birmanie Birman
69%
AS Ouzbékistan Ouzbek
69%
AS Bangladesh Bengali
66%
AS Tadjikistan Tadjik
57%
AS Azerbaïdjan Azerbaïdjanais
53%
E Monténégro Monténégrin
47%
AS Turkménistan Turkmène
43%
AS Cambodge Khmer
40%
E Andorre Catalan
33%
AS Sri Lanka Cingalais / Tamoul
26%
AF Éthiopie Amharique
17%
AS Bhoutan Dzongkha
10%
AS Maldives Dhivehi
6%
Aucun quiz correspondant
Distribution des résultats
% des personnes avec chaque résultat
Percentile par nombre de réponses
Votre historique - résultats
Vous n’avez pas pris ce quiz